| 000 | 00353nam a22001217a 4500 | ||
|---|---|---|---|
| 020 | _a3831129827 | ||
| 082 |
_a629.132 _bCHU |
||
| 100 |
_aChudoba , Bernd _9111418 |
||
| 245 |
_aStability and Control of Conventional and Unconventional AirCraft Configuration / _cBernd Chudoba |
||
| 260 |
_aUK, _c2001. |
||
| 300 |
_a258p. ; _bPaperback |
||
| 942 |
_2ddc _cBK |
||
| 999 |
_c594314 _d594314 |
||